Celebrities Taking Selfies Quiz Stats

 Plays Quiz Updated Aug 29, 2016

Challenge
Share
Tweet
Score 0/24 Timer 07:00
0 Plays Today
% Correct
Bill Nye, Barack Obama & Neil deGrasse Tyson
97.3%
Adam Sandler, Drew Barrymore & Ellen DeGeneres
96.3%
Dwayne Johnson
92.6%
Samuel L. Jackson, Quentin Tarantino & Christoph Waltz
92.6%
George W. Bush
91.8%
Leonardo DiCaprio, Arnon Milchan & Steven Spielberg
91.4%
Kim Kardashian & Naomi Campbell
90.9%
Tyrese Gibson, Denzel Washington & Drake
90%
Matt Damon
88.4%
50 Cent & Russell Crowe
88.4%
Ricky Gervais
87.1%
Tina Fey
86.1%
% Correct
Luke Rockhold & Will Ferrell
85.8%
John Travolta
85.1%
Reese Witherspoon & Mindy Kaling
81.5%
Daniel Craig
80.4%
Arnold Schwarzenegger
78.5%
Jamie Lee Curtis
73.8%
Benedict Cumberbatch
72.5%
Jennifer Garner & Warren Sapp
70.3%
Ryan Reynolds
69.8%
Megan Fox
64.1%
Jon Hamm
58.9%
Andrew Garfield
49.8%

You're not logged in!

Compare scores with friends on all Sporcle quizzes.
OR
Log In

You Might Also Like...

Show Comments

Extras

Top Quizzes Today


Score Distribution

Your Account Isn't Verified!

In order to create a playlist on Sporcle, you need to verify the email address you used during registration. Go to your Sporcle Settings to finish the process.

Report this User

Report this user for behavior that violates our Community Guidelines.

Details: